Hacer Arte en la Edad de Hielo

محفوظ في:

المؤلفون الرئيسيون: Bahn, Paul (مؤلف), Clifford, Elle (مؤلف)

مؤلفون آخرون: Gormley, Antony (Foreword by)

التنسيق: كتاب

منشور في: Oxford Archaeopress Publishing Ltd 2026

الوسوم: إضافة وسم

لا توجد وسوم, كن أول من يضع وسما على هذه التسجيلة!

رقم الطلب:

LEADER 00717namaa2200193 4500
001 9781805832614
003 UkOxAP
005 20260405155020.0
020 |a 9781805832621 
776 1 |x 9781805832614 
245 0 0 |a Hacer Arte en la Edad de Hielo 
100 1 |a Bahn, Paul  |e Author  |l Spanish 
700 1 |a Clifford, Elle  |e Author  |l Spanish 
700 1 |a Gormley, Antony  |e Foreword by  |l Spanish 
856 4 2 |a http://library.arce.org:8087/Archaeopress/Products/9781805832621 
260 |a Oxford  |b Archaeopress Publishing Ltd  |c 2026 
270 |a Archaeopress Publishing Ltd, Summertown Pavillion, 18 -24 Middle Way, Summertown  |b Oxford  |d United Kingdom  |e OX2 7LG  |k 44-1865-311914  |m info@archaeopress.com 
942 |2 lcc  |c EBOOK 
999 |c 62174  |d 62174